1317 1755 1991 1711 1267 1774 1164 1897 1647 1715 1104 1733 1917 1389 1815 1087 1586 1856 1373 1821 1796 1932 1802 1852 1407 1049 1385 1789 1697 1460 1191 1643 1389 1352 1064 1403 1767 1820 1162 1016 1238 1080 1848 1924 1047 1055 1931 1014 1197 1081 1540 1122 1820 1875 1614 1551 1958 1474 1501 1349 1782 1787 1103 1031 1168 1563 1598 1015 1628 1400 1782 1093 1583 1544 1966 1632 1297 1459 1220 1701 1603 1097 1951 1619 1002 1820 1971 1523 1481 1637 1959 1194 1687 1656 1143 1295 1622 1949 1505 BCNSPRNW ULIB Ver.6.0+V

เปลี่ยนเป็นภาษาไทย

Change to English
 แสดงรายละเอียดบรรณานุกรม
  กลับหน้าหลัก

Brief Record : Get Marc (ISO 2709) : E-mail record : QR code < ปิดหน้าต่าง
LEADER : 00000nam 2200000uu 4500
001    13399114689
003     ULIB
008    020711s2553 th a 000 0 tha d
099    ^aวจ.WY18.5^bด164ผ
100    ^aดวงใจ พรหมพยัคฆ์ และคณะ
245    ^aผลการเรียนแบบเป็นทีมต่อผลสัมฤทธิ์ทางการเรียนและความพึงพอใจของนักศึกษาพยาบาล /^cดวงใจ พรหมพยัคฆ์ และคณะ
260    ^aพิษณุโลก :^bวิทยาลัยพยาบาลบรมราชชนี พุทธชินราช,^c2553
300    ^a46 หน้า
650  7 การเรียนแบบเป็นทีม^xวิจัย
650  7 ผลสัมฤทธิ์ทางการเรียน^xวิจัย
700 0  จุฑามาศ จันทร์เสงี่ยม
700 0  อังคณา เรือนก้อน
700 0  ทิพย์สุดา เส็งพานิช
700 0  ทับทิม ปัตตะพงศ์
700 0  เบญญาภา พรมพุก
710 1  ^aวิทยาลัยพยาบาลบรมราชชนี พุทธชินราช
945    ^p0^l0^i031707
995    ทศพร
999 ^a ทศพร
รายการนี้ยังไม่มีแท็ก
คุณยังไม่ได้ล็อกอิน คุณสามารถมีกิจกรรมร่วมกับเว็บไซต์ได้ แต่ต้องล็อกอินก่อน ::
  ล็อกอิน

รายการสื่อสารสนเทศ

ลำดับที่ ประเภท เลขเรียก/บาร์โค้ด สถานที่ สถานะ
1. งานวิจัย
งานวิจัย
วจ.WY18.5 ด164ผ  
  Barcode: 031707
ห้องสมุดวิทยาเขตสวรรค์ประชารักษ์
►วิจัย
บนชั้น

BibComment


ยังไม่เคยถูกคอมเมนท์

คอมเมนท์ทรัพยากรรายการนี้
  คอมเมนท์: ผลการเรียนแบบเป็..


 Copyright 2026. Bcnsprnw @Library